zpět

Detail výsledku týmu

Repuls, Hodonín

Datum a čas kvízu

25 Celkem bodů Celkový počet nahraných bodů na tomto kvízu bez doplňovacích otázek.
5. Pořadí na kvízu Konečné umístění týmu na tomto kvízu.

Zaznamenané odpovědi

# Otázka Odpověď Body Výsledky
1. V médiích se na začátku minulé... Hodonín 1
2. Aprílové žerty jsou populární... Volkswagen 0
3. Švédská společnost Pophouse mi... Kiss 0
4. Od 1. 4. 2024 se mění podmínky... A 0
5. O víkendu 6.-7.4.2024 se v hod... Bulldogs Brno – Kanonýři Kladno 1
6. Nobelovu cenu za objev krevníc... Jan Janský 0
7. Ve kterém orgánu lidského těla... ve slezině 0
8. Vyberte nepravdivé tvrzení: B 0
9. Hemofilie je geneticky podmíně... Alexej; chromozom X 0.5
10. Uveďte rodové jméno zvířete, p... makak (makak rhesus) 0